000 00448nam a22001697a 4500
005 20251108164028.0
008 250721s1978 xx 000 0 ara d
082 1 4 _a150/صال
100 1 _aالشماع، صالح
245 1 0 _aالمدخل إلى علم النفس /
250 _aط3.
264 1 _aبيروت :
_bمنشورات عويدات،
_c1978.
300 _a166ص
650 1 7 _aعلم النفس
942 _2ddc
_cBK
999 _c1837
_d1837